العصر الصناعي و العالم الثالث / (رقم التسجيلة. 7465)

تفاصيل مارك
000 -LEADER
fixed length control field 00591nam a22001937a 4500
005 - DATE AND TIME OF LATEST TRANSACTION
control field 20251108164241.0
008 - FIXED-LENGTH DATA ELEMENTS--GENERAL INFORMATION
fixed length control field 250721s1993 xx 000 0 ara d
082 14 - DEWEY DECIMAL CLASSIFICATION NUMBER
Classification number 338.91724/فري
100 1# - MAIN ENTRY--PERSONAL NAME
Personal name كامل، فريد
245 10 - TITLE STATEMENT
Title العصر الصناعي و العالم الثالث /
264 1# - PRODUCTION, PUBLICATION, DISTRIBUTION, MANUFACTURE, AND COPYRIGHT NOTICE
Place of production, publication, distribution, manufacture دمشق :
Name of producer, publisher, distributor, manufacturer دار كنعان للدراسات و النشر،
Date of production, publication, distribution, manufacture, or copyright notice 1993.
300 ## - PHYSICAL DESCRIPTION
Extent 266ص
490 0# - SERIES STATEMENT
Series statement الثقافة للجميع ؛ 6
650 17 - SUBJECT ADDED ENTRY--TOPICAL TERM
Topical term or geographic name as entry element الصناعات
650 17 - SUBJECT ADDED ENTRY--TOPICAL TERM
Topical term or geographic name as entry element البلدان النامية
650 17 - SUBJECT ADDED ENTRY--TOPICAL TERM
Topical term or geographic name as entry element التصنيع
942 ## - ADDED ENTRY ELEMENTS (KOHA)
Source of classification or shelving scheme Dewey Decimal Classification
Koha item type كتب
المقتنيات
حالة السحب حالة الفقدان مصدر التصنيف حالة التلف غير قابل للإعارة المكتبة الرئيسية المكتبة الحالية موقع الرف تاريخ التزويد الرقم المتسلسل Total Checkouts رقم الإستدعاء تاريخ آخر ظهور تاريخ الفاتورة نوع المادة (كوها)
    Dewey Decimal Classification Unchecked   مكتبة صويلح العامة مكتبة صويلح العامة الإعارة 12/07/2004 7230   338.91724/فري 28/07/2025 12/07/2004 كتب
Implemented & Customized by: BBB with SCIT (Smart Chains for Information Technology)

Powered by Koha